000 01032nam a22002415i 4500
001 157405
003 ES-MaACL
005 20250627063651.0
008 040915s1794 fr |||| | fre d
040 _aCAM
_bspa
_cCAM
100 1 _aLe Clerc, Nicolas-Gabriel,
_d1726-1798
_970856
245 1 0 _aHistoire physique, morale, civile et politique de la Russie Moderne
_b: tome troisième, contenant la suite de la topographie, de l'histoire naturelle...
260 _aA Paris :
_bchez Maradan, libraire... ;
_aA Versailles :
_bchez Blaizot, libraire...,
_cL'an \RIIe\R de la République Françoise [1794] (
_fDe l'imprimerie de Demonville)
300 _aVIII, 424 p. ;
_c4º.
594 _aAutores tomados de prelim.
596 _aDato de impresor consta en colofón.
597 _aSign.: []\p4\s, A-2Z\p4\s, 3A-3G\p4\s.
597 _aAntep.
651 4 _aRusia-
_xHistoria.
_99330
700 1 1 _aLe Clerc, François Antoine.
_9128776
852 _aES-MaACL
_jR-3448
_z-- Enc. pasta española
999 _c157405
_d157405